| 000 | 00421nam a2200181Ia 4500 | ||
|---|---|---|---|
| 001 | 15015 | ||
| 005 | 20260306164957.0 | ||
| 008 | 260306t2005||||xx |||||||||||||| ||spa|| | ||
| 041 | _aESP | ||
| 082 |
_a519.72 _bC28 |
||
| 100 |
_aCarmona Pontaque, Francesc _eAUT |
||
| 245 | 0 | _aModelos lineales | |
| 260 | _c2005 | ||
| 300 |
_a266 páginas : _c29 cm. |
||
| 650 | _aGEN | ||
| 654 | _aCMA | ||
| 942 |
_cLIB _dJUS _fJUS _2ddc _n |
||
| 999 |
_c15015 _d15015 |
||